Energy, force, and matter : (Record no. 3561)

MARC details
000 -LEADER
fixed length control field 01153pam a2200313 a 4500
001 - CONTROL NUMBER
control field 1843265
003 - CONTROL NUMBER IDENTIFIER
control field OSt
005 - DATE AND TIME OF LATEST TRANSACTION
control field 20160414170451.0
008 - FIXED-LENGTH DATA ELEMENTS--GENERAL INFORMATION
fixed length control field 810922s1982 enka b 001 0 eng
010 ## - LIBRARY OF CONGRESS CONTROL NUMBER
LC control number 81017029
020 ## - INTERNATIONAL STANDARD BOOK NUMBER
International Standard Book Number 0521246008
020 ## - INTERNATIONAL STANDARD BOOK NUMBER
International Standard Book Number 0521288126 (pbk.)
040 ## - CATALOGING SOURCE
Original cataloging agency DLC
Transcribing agency DLC
Modifying agency DLC
050 00 - LIBRARY OF CONGRESS CALL NUMBER
Classification number QC7
Item number .H257
082 00 - DEWEY DECIMAL CLASSIFICATION NUMBER
Classification number 530.01
Edition number 19
Item number HAR 1982
100 1# - MAIN ENTRY--PERSONAL NAME
Personal name Harman, P. M.
Fuller form of name (Peter Michael),
Dates associated with a name 1943-
9 (RLIN) 7963
245 10 - TITLE STATEMENT
Title Energy, force, and matter :
Remainder of title the conceptual development of nineteenth-century physics /
Statement of responsibility, etc. P.M. Harman.
260 ## - PUBLICATION, DISTRIBUTION, ETC. (IMPRINT)
Place of publication, distribution, etc. Cambridge ;
-- New York :
Name of publisher, distributor, etc. Cambridge University Press,
Date of publication, distribution, etc. 1982.
300 ## - PHYSICAL DESCRIPTION
Extent ix, 182 p. :
Other physical details ill. ;
Dimensions 22 cm.
440 #0 - SERIES STATEMENT/ADDED ENTRY--TITLE
Title Cambridge history of science
9 (RLIN) 7964
500 ## - GENERAL NOTE
General note Includes index.
504 ## - BIBLIOGRAPHY, ETC. NOTE
Bibliography, etc Bibliography: p. 156-176.
650 #0 - SUBJECT ADDED ENTRY--TOPICAL TERM
Topical term or geographic name as entry element Physics
General subdivision History.
9 (RLIN) 7965
650 #0 - SUBJECT ADDED ENTRY--TOPICAL TERM
Topical term or geographic name as entry element Force and energy
General subdivision History.
9 (RLIN) 7966
856 42 - ELECTRONIC LOCATION AND ACCESS
Materials specified Publisher description
Uniform Resource Identifier http://www.loc.gov/catdir/description/cam032/81017029.html
856 41 - ELECTRONIC LOCATION AND ACCESS
Materials specified Table of contents only
Uniform Resource Identifier http://www.loc.gov/catdir/enhancements/fy0632/81017029-t.html
906 ## - LOCAL DATA ELEMENT F, LDF (RLIN)
a 7
b cbc
c orignew
d 1
e ocip
f 19
g y-gencatlg
942 ## - ADDED ENTRY ELEMENTS (KOHA)
Source of classification or shelving scheme Dewey Decimal Classification
Koha item type Short Loan
Holdings
Withdrawn status Lost status Source of classification or shelving scheme Damaged status Not for loan Home library Current library Date acquired Inventory number Total Checkouts Full call number Barcode Date last seen Price effective from Koha item type Source of acquisition
    Dewey Decimal Classification     MUST Main Library MUST Main Library 14/04/2016 2005/24640   530.01 HAR 1982 2016-0915 14/04/2016 14/04/2016 Short Loan  
    Dewey Decimal Classification     MUST Main Library MUST Main Library 26/11/2021 05/24639   530.01 HAR 1982 2021-1920 26/11/2021 26/11/2021 Short Loan Purchase
    Dewey Decimal Classification     MUST Main Library MUST Main Library 24/06/2024 2004/21749   530.01 HAR 1982 2024-21035 24/06/2024 24/06/2024 Open Shelf Purchase